000 00424cam a2200181 4500
001 D3728
008 090401t1976 xxu||||| |||| 00| 0 eng d
035 _a(Sirsi) u74602
041 _aeng
050 _a333.00601
110 _aFIABCI
245 _a27th Annual Congress, San Francisco May 23rd-28th 1976
260 _aParis
_bFIABCI
_c1976
300 _ac300p. 30cm
350 _a0
942 _n0
948 _c04/03/1997
999 _c95893
_d95893